000 00395nam a2200145Ia 4500
008 231129s2002||||xx |||||||||||||| ||spa||
020 _a84-205-3452-8
040 _bspa
082 _a371.3 M491d
100 _aMedina Rivilla Antonio
245 0 _aDidáctica general
260 _c2002
264 _aMadrid España : Pearson Educación
942 _2ddc
_cBKS
999 _c9527
_d9527